Statystyki dla Top 15 państw i terytoriów zależnych FIFA z najsłabszą rep. w piłce n

Kliknij tutaj aby rozwiązać quiz!

Ogólne statystyki

  • Ten quiz został rozwiązany 60 razy
  • Średni wynik to 4 z 15

Statystyki odpowiedzi

WskazówkaOdpowiedź% Poprawnych
210San Marino
96%
199Gibraltar
57%
197Liechtenstein
54%
198Seszele
26%
202Bahamy
24%
196Timor
24%
203Somalia
20%
206Sri Lanka
20%
204Guam
19%
200Erytrea
17%
209Anguilla
15%
201Aruba
11%
208Brytyjskie wyspy dziewicze
9%
205Turks
9%
207Amerykańskie wyspy dziewicze
2%

Rozkład punktacji

Percentyl według liczby udzielonych odpowiedzi

Procent ludzi z każdym wynikiem

Twoja historia wyników

Nie rozwiązałeś tego quizu